00234 a2200109 4500001000700000020000600007040001100013100003200024240003200056245002700088362000900115180924 a  cMagnum aSouza, Geraldo Eustaquio de10aEu comigo aqui e agoralpor10aEu comigo aqui e agora0 a1899